| 000 | 00589nam a2200205 4500 | ||
|---|---|---|---|
| 001 | 111353 | ||
| 003 | ES-MaACL | ||
| 005 | 20230906185304.0 | ||
| 007 | t| | ||
| 008 | 061121s1969 sp r ||||1| spa d | ||
| 100 | 1 |
_aNeira, Hugo. _985340 |
|
| 245 | 1 | 3 |
_aEl golpe de Estado _b: Perú, 68. |
| 250 | _a1ª ed. | ||
| 260 |
_aMadrid [etc.] : _bZYX, _c1969. |
||
| 300 |
_a61 p. ; _c18 cm. |
||
| 490 | 1 |
_aColección lee y discute. Serie verde ; _v39 |
|
| 830 | 0 |
_aColección lee y discute. Serie verde ; _v39 _9233063 |
|
| 852 |
_aES-MaACL _jC-52292 _bR.71434 |
||
| 999 |
_c111353 _d111353 |
||